| 000 -LEADER |
| fixed length control field |
01033cam a2200265 i 4500 |
| 003 - CONTROL NUMBER IDENTIFIER |
| control field |
OSt |
| 005 - DATE AND TIME OF LATEST TRANSACTION |
| control field |
20200317133115.0 |
| 008 - FIXED-LENGTH DATA ELEMENTS--GENERAL INFORMATION |
| fixed length control field |
140908t20152015nyua b 001 0 eng |
| 020 ## - INTERNATIONAL STANDARD BOOK NUMBER |
| International Standard Book Number |
9781138025042 (pbk) |
| 040 ## - CATALOGING SOURCE |
| Original cataloging agency |
DLC |
| Language of cataloging |
eng |
| Transcribing agency |
DLC |
| Description conventions |
rda |
| Modifying agency |
DLC |
| 082 00 - DEWEY DECIMAL CLASSIFICATION NUMBER |
| Classification number |
428.0071 |
| Edition number |
23 |
| Item number |
THO |
| 100 1# - MAIN ENTRY--PERSONAL NAME |
| Personal name |
Farrell, Thomas S. C. |
| Fuller form of name |
(Thomas Sylvester Charles) |
| Relator term |
author. |
| 245 10 - TITLE STATEMENT |
| Title |
Promoting teacher reflection in second language education : |
| Remainder of title |
a framework for TESOL professionals / |
| Statement of responsibility, etc |
Thomas S. C. Farrell. |
| 250 ## - EDITION STATEMENT |
| Edition statement |
First Edition. |
| 300 ## - PHYSICAL DESCRIPTION |
| Extent |
xv, 138 pages : |
| Other physical details |
illustrations ; |
| Dimensions |
24 cm. |
| 490 0# - SERIES STATEMENT |
| Series statement |
ESL & Applied Linguistics Professional Series |
| 504 ## - BIBLIOGRAPHY, ETC. NOTE |
| Bibliography, etc |
Includes bibliographical references (pages 125-132) and index. |
| 650 #0 - SUBJECT ADDED ENTRY--TOPICAL TERM |
| Topical term or geographic name as entry element |
English teachers |
| General subdivision |
Training of. |
| 650 #0 - SUBJECT ADDED ENTRY--TOPICAL TERM |
| Topical term or geographic name as entry element |
English language |
| General subdivision |
Study and teaching |
| -- |
Foreign speakers. |
| 650 #0 - SUBJECT ADDED ENTRY--TOPICAL TERM |
| Topical term or geographic name as entry element |
Test of English as a Foreign Language |
| General subdivision |
Evaluation. |
| 650 #0 - SUBJECT ADDED ENTRY--TOPICAL TERM |
| Topical term or geographic name as entry element |
English language |
| General subdivision |
Ability testing. |
| 650 #0 - SUBJECT ADDED ENTRY--TOPICAL TERM |
| Topical term or geographic name as entry element |
Reflective teaching. |
| 650 #0 - SUBJECT ADDED ENTRY--TOPICAL TERM |
| Topical term or geographic name as entry element |
Career development. |
| 942 ## - ADDED ENTRY ELEMENTS (KOHA) |
| Source of classification or shelving scheme |
|